Spoločenská zodpovednosť na trhu produktov bakalárska práca

Gespeichert in:
Bibliographische Detailangaben
1. Verfasser: Juríková, Kristína
Körperschaft: Obchodná fakulta EU. Katedra tovaroznalectva a kvality tovaru
Weitere Verfasser: Košútová, Tatiana, 1962-
Format: Buch
Sprache:Slowakisch
Veröffentlicht: Bratislava 2013
Tags: Tag hinzufügen
Keine Tags, Fügen Sie das erste Tag hinzu!

MARC

LEADER 00000nbm a2200000 4500
001 0171213
005 20161207152532.4
041 0 |a slo 
044 |a SK 
245 1 0 |a Spoločenská zodpovednosť na trhu produktov  |b bakalárska práca  |c Kristína Juríková ; školiteľ: Tatiana Košútová 
264 1 |a Bratislava  |c 2013 
300 |a 42 s. 
100 1 |a Juríková, Kristína 
700 1 |a Košútová, Tatiana, 1962- 
710 2 |a Obchodná fakulta EU. Katedra tovaroznalectva a kvality tovaru